000 00412nam a22001697a 4500
020 _a0273605003
082 _a657.48
100 _aLEWIS, Richard
_91279
245 _aAdvanced Financial Accounting
250 _a4th
260 _aBritain
_bPitman publishing
_c1994
300 _aviii,634p
_bill;24cm
500 _aIncludes Index
650 _aAccounting
_9295
700 _aDavid pendrill
_91280
942 _cBK
999 _c18041
_d18041